"Executive, administrative, professional ... outside salesman" redefined; (Record no. 36345)

MARC details
000 -LEADER
fixed length control field 00846cam a22002051 4500
001 - CONTROL NUMBER
control field l 40000163
003 - CONTROL NUMBER IDENTIFIER
control field DLC
005 - DATE AND TIME OF LATEST TRANSACTION
control field 20260227111537.0
008 - FIXED-LENGTH DATA ELEMENTS--GENERAL INFORMATION
fixed length control field 800913s1940 dcu f000 0 eng
010 ## - LIBRARY OF CONGRESS CONTROL NUMBER
LC control number l 40000163
035 ## - SYSTEM CONTROL NUMBER
System control number (OCoLC)6706425
040 ## - CATALOGING SOURCE
Original cataloging agency DLC
Transcribing agency ViAlUNJ
Modifying agency DLC
042 ## - AUTHENTICATION CODE
Authentication code premarc
050 00 - LIBRARY OF CONGRESS CALL NUMBER
Classification number LAW <United States 8 "Dept. of Labor">
110 1# - MAIN ENTRY--CORPORATE NAME
Corporate name or jurisdiction name as entry element United States.
Subordinate unit Department of Labor.
-- Wage and Hour Division.
245 10 - TITLE STATEMENT
Title "Executive, administrative, professional ... outside salesman" redefined;
Remainder of title effective October 24, 1940.
Statement of responsibility, etc. Report and recommendations of the presiding officer at hearings preliinary to redefinition.
260 ## - PUBLICATION, DISTRIBUTION, ETC.
Place of publication, distribution, etc. Washington,
Name of publisher, distributor, etc. U.S. Govt. Print. Off.,
Date of publication, distribution, etc. 1940.
300 ## - PHYSICAL DESCRIPTION
Extent iii, 60 p.
Dimensions 23 cm.
500 ## - GENERAL NOTE
General note At head of title: United States Department of Labor. Wage and Hour Division. Washington, D.C.

No items available.

Powered by Koha